| 000 | 00795nam a22002177a 4500 | ||
|---|---|---|---|
| 999 |
_c20726 _d20726 |
||
| 005 | 20200124093242.0 | ||
| 008 | 200124b xxu||||| |||| 00| 0 spa d | ||
| 020 | _a9789585873636 | ||
| 040 |
_aCO-BoIAVH _cCO-BoIAVH |
||
| 041 | _aspa | ||
| 044 | _ack | ||
| 110 |
_aAsociación Guyra _bParaguay |
||
| 245 | _aSalvaguardas ambientales en la producción de arroz, una propuesta de Guyra Paraguay y la Asociación Calidris. | ||
| 260 |
_aCali, Valle del Cauca: _bAsociación Calidris, _c2015. |
||
| 300 |
_a27 Páginas: _bilustraciones y tablas, _c14 x 22 cm. |
||
| 650 | 0 | _aEspecies migratorias | |
| 650 | 0 | _aAves acuáticas | |
| 650 | 0 | _aNormatividad ambiental | |
| 650 | 0 |
_aÁreas de conservación de recursos naturales _zColombia |
|
| 942 |
_2ddc _cFolleto |
||